[Event "IBCA World-chT blind 9th"]
[Site "Ohrid"]
[Date "2022.07.07"]
[Round "9.4"]
[White "Agmon, Yonatan"]
[Black "Strete, Ciprian Iulian"]
[Result "1/2-1/2"]
[WhiteElo "1697"]
[BlackElo "1763"]
[PlyCount "82"]
[EventDate "2022.06.28"]
[EventType "team-swiss"]
[EventRounds "9"]
[EventCountry "MKD"]
[SourceTitle "EXT 2024"]
[Source "ChessBase"]
[SourceDate "2023.10.10"]
[SourceVersion "1"]
[SourceVersionDate "2023.10.10"]
[SourceQuality "1"]
[WhiteTeam "Israel"]
[BlackTeam "Romania"]
[WhiteTeamCountry "ISR"]
[BlackTeamCountry "ROU"]

1. c4 c5 2. Nf3 Nc6 3. g3 g6 4. Bg2 Bg7 5. 0-0 e5 6. d3 Nge7 7. Nc3 0-0 8. Qc2 d5 9. Nxd5 Nxd5 10. cxd5 Qxd5 11. Ng5 Nd4 12. Qd1 Qd6 13. Ne4 Qb6 14. e3 Ne6 15. Qc2 Bd7 16. Nc3 Rac8 17. Bd2 Bc6 18. Nd5 Qd8 19. Qb3 b6 20. Rac1 Qd7 21. Bc3 Rfd8 22. e4 Nc7 23. Bh3 Ne6 24. Bg2 Bxd5 25. exd5 Nc7 26. Rfe1 Nxd5 27. Bxe5 Bxe5 28. Rxe5 Nb4 29. d4 Qxd4 30. Re7 Qf6 31. Rxa7 Rd2 32. Rf1 Rcd8 33. a3 Rxb2 34. Rxf7 Rxb3 35. Rxf6 Rxa3 36. Rxb6 Rc3 37. Rb7 Nd3 38. Ra1 Rc1+ 39. Rxc1 Nxc1 40. Rc7 Nd3 41. Bf1 h5 1/2-1/2

[Event "IBCA World-chT blind 9th"]
[Site "Ohrid"]
[Date "2022.07.03"]
[Round "6.1"]
[White "Agmon, Yonatan"]
[Black "Kljaic, Kresimir"]
[Result "0-1"]
[WhiteElo "1697"]
[BlackElo "1543"]
[PlyCount "68"]
[EventDate "2022.06.28"]
[EventType "team-swiss"]
[EventRounds "9"]
[EventCountry "MKD"]
[SourceTitle "EXT 2024"]
[Source "ChessBase"]
[SourceDate "2023.10.10"]
[SourceVersion "1"]
[SourceVersionDate "2023.10.10"]
[SourceQuality "1"]
[WhiteTeam "Israel"]
[BlackTeam "Croatia"]
[WhiteTeamCountry "ISR"]
[BlackTeamCountry "CRO"]

1. Nf3 e6 2. g3 f5 3. Bg2 Nf6 4. c4 Be7 5. Nc3 0-0 6. d4 d5 7. cxd5 exd5 8. 0-0 c6 9. Qc2 Ne4 10. Ne5 Nd7 11. f3 Nxc3 12. bxc3 Bd6 13. f4 Nf6 14. Qb3 Be6 15. Qxb7 c5 16. Ba3 Qa5 17. Qb2 Rfc8 18. Nd3 Rab8 19. Qc1 Nd7 20. e3 Qa6 21. Rd1 Rb5 22. Bf1 c4 23. Bxd6 Qxd6 24. Ne5 a5 25. Rb1 Rxb1 26. Qxb1 Rb8 27. Qc1 a4 28. Be2 Nf6 29. Qc2 a3 30. Rb1 h6 31. Rxb8+ Qxb8 32. Ng6 Kh7 33. Ne7 Qb2 34. Bd1 Ne4 0-1

[Event "IBCA World-chT blind 9th"]
[Site "Ohrid"]
[Date "2022.07.02"]
[Round "5.4"]
[White "Agmon, Yonatan"]
[Black "Badano, Giancarlo"]
[Result "0-1"]
[WhiteElo "1697"]
[BlackElo "1799"]
[PlyCount "59"]
[EventDate "2022.06.28"]
[EventType "team-swiss"]
[EventRounds "9"]
[EventCountry "MKD"]
[SourceTitle "EXT 2024"]
[Source "ChessBase"]
[SourceDate "2023.10.10"]
[SourceVersion "1"]
[SourceVersionDate "2023.10.10"]
[SourceQuality "1"]
[WhiteTeam "Israel"]
[BlackTeam "Italy"]
[WhiteTeamCountry "ISR"]
[BlackTeamCountry "ITA"]

1. Nf3 d5 2. g3 Nf6 3. Bg2 g6 4. 0-0 Bg7 5. d4 0-0 6. c3 c6 7. Bf4 Bf5 8. Nbd2 Qb6 9. Qb3 Nbd7 10. Rfe1 Ne4 11. Nh4 Nxd2 12. Qxb6 Nxb6 13. Nxf5 gxf5 14. Bxd2 Nc4 15. Bc1 Nd6 16. Bf4 Ne4 17. f3 Nf6 18. Rad1 Rfe8 19. Kf2 Rac8 20. Bh3 e6 21. Rg1 Kh8 22. Bf1 Rg8 23. h3 Nh5 24. Be3 Bf6 25. Bc1 Rxg3 26. Bg2 Bh4 27. Kf1 Rcg8 28. Bd2 R3g6 29. Be3 Ng3+ 30. Ke1 0-1

[Event "IBCA Wch blind"]
[Site "Seoul"]
[Date "2015.05.14"]
[Round "4"]
[White "Agmon, Yonatan"]
[Black "Bursuc, Mihai"]
[Result "1/2-1/2"]
[WhiteElo "1808"]
[BlackElo "1952"]
[PlyCount "249"]
[EventDate "2015.05.11"]
[EventType "swiss"]
[EventRounds "7"]
[EventCountry "KOR"]
[SourceTitle "CBM 166 Extra"]
[Source "ChessBase"]
[SourceDate "2015.06.18"]
[SourceVersion "1"]
[SourceVersionDate "2015.06.18"]
[SourceQuality "1"]

1. e4 d5 2. exd5 Nf6 3. Nc3 Nxd5 4. Nf3 Bg4 5. d4 e6 6. Nxd5 Qxd5 7. Be2 Nc6 8. 0-0 Be7 9. c3 0-0 10. Be3 Rad8 11. Qb3 Qxb3 12. axb3 a6 13. h3 Bh5 14. Rfd1 Bd6 15. c4 Nb4 16. Rd2 b6 17. Kf1 a5 18. Ne1 Bg6 19. Nd3 Rfe8 20. Rad1 f6 21. c5 Bxd3 22. Bxd3 Be7 23. Bc4 Nd5 24. Bxd5 Rxd5 25. Rc1 Red8 26. Ke2 Kf7 27. Rcd1 g5 28. Rd3 f5 29. f3 h5 30. Bf2 Bf6 31. cxb6 cxb6 32. R1d2 Rb5 33. Be3 Rdd5 34. Kd1 f4 35. Bf2 Be7 36. Ke2 Bb4 37. Rc2 Kf6 38. Rc6 Bd6 39. Kd1 Kf5 40. Kd2 Be7 41. Rc7 Bf6 42. Rc4 g4 43. hxg4+ hxg4 44. fxg4+ Kxg4 45. Rc6 Kf5 46. Rc4 Ke4 47. Ke2 Rb4 48. Rc6 Kf5 49. Rc4 e5 50. Rxb4 axb4 51. dxe5 Rxe5+ 52. Kd1 Ke4 53. Rd4+ Kf5 54. Rxb4 b5 55. Kd2 Rd5+ 56. Kc2 Be7 57. Rd4 Rc5+ 58. Kd2 Bg5 59. Kd1 Re5 60. Bg1 Bf6 61. Rd2 Bh4 62. Re2 Rd5+ 63. Rd2 Re5 64. Re2 Rxe2 65. Kxe2 Bf6 66. Kf3 Bxb2 67. g3 fxg3 68. Kxg3 Ke4 69. Bc5 Bd4 70. Be7 Kd3 71. Kf3 Kc3 72. b4 Kc4 73. Ke2 Bc3 74. Kd1 Bxb4 75. Bf6 Kb3 76. Kc1 Ba3+ 77. Kb1 Bc5 78. Be5 b4 79. Bb2 Be3 80. Be5 Kc4 81. Kc2 Bf2 82. Bf6 Be1 83. Kb2 Bd2 84. Kc2 Be3 85. Be5 b3+ 86. Kb2 Bc5 87. Bf6 Kb4 88. Be5 Ka4 89. Kb1 Ba3 90. Bd4 Bd6 91. Kb2 Kb4 92. Bc3+ Kc4 93. Bf6 Kb4 94. Bc3+ Ka4 95. Kb1 Ba3 96. Be5 Kb4 97. Bf6 Kc4 98. Be5 Kd3 99. Bf6 Kd2 100. Bg5+ Kd1 101. Bf6 Bc1 102. Be5 Ba3 103. Bf6 Kd2 104. Bg5+ Kd3 105. Bf6 Kc4 106. Be5 Kb4 107. Bd6+ Ka4 108. Bxa3 Kxa3 109. Ka1 Ka4 110. Kb1 Kb5 111. Kc1 Kc5 112. Kb1 Kd4 113. Kb2 Kc4 114. Kb1 Kc3 115. Kc1 Kd3 116. Kb2 Kc4 117. Kb1 Kc5 118. Kc1 Kb5 119. Kb1 Ka5 120. Ka1 Ka4 121. Kb1 Kb5 122. Kc1 Kc5 123. Kb2 Kc4 124. Kb1 b2 125. Kxb2 1/2-1/2